| 000 | 00694nam a22002057a 4500 | ||
|---|---|---|---|
| 999 |
_c17586 _d17586 |
||
| 003 | AR-CdUCM | ||
| 008 | 190509b ||||| |||| 00| 0 spa d | ||
| 040 |
_aMUNICIPALIDAD PROVINCIAL DEL CUSCO _cBIBLIOTECA MUNICIPAL DEL CUSCO |
||
| 082 |
_a320 / _bH18 |
||
| 100 |
_aHalle, Louis J. _937685 |
||
| 245 | _aHombres y naciones / | ||
| 260 |
_aMéxico : _bLibreros mexicanos unidos, _c1965. |
||
| 300 |
_a285 páginas ; _c22 cm. |
||
| 505 | _aContenido -- Filosofía dual -- Validez de las ideas -- Organización de la humanidad. | ||
| 650 |
_aPolítica nacional _937686 |
||
| 650 |
_aNaciones derrotadas _937687 |
||
| 650 |
_aConciencia nacional _93846 |
||
| 942 |
_2ddc _cLIBROS |
||
| 945 | _arcc | ||